Por amor al arte ó La escuela de declamacion (Record no. 154996)

MARC details
000 -LEADER
campo de control de longitud fija 01109nam a22002055i 4500
001 - NÚMERO DE CONTROL
campo de control 154996
003 - IDENTIFICADOR DE NÚMERO DE CONTROL
campo de control ES-MaACL
005 - FECHA Y HORA DE LA ÚLTIMA TRANSACCIÓN
campo de control 20251115063311.0
008 - DATOS DE LONGITUD FIJA--INFORMACIÓN GENERAL
campo de control de longitud fija 020308s1866 sp |||| | spa d
040 ## - FUENTE DE CATALOGACIÓN
Centro catalogador/agencia de origen CAM
Lengua de catalogación spa
Centro/agencia transcriptor CAM
100 1# - ENTRADA PRINCIPAL--NOMBRE DE PERSONA
Nombre de persona Gutiérrez de Alba, José María,
Fechas asociadas al nombre 1822-1897
9 (RLIN) 127661
245 10 - MENCIÓN DEL TÍTULO
Título Por amor al arte ó La escuela de declamacion
Resto del título : juguete cómico en un acto y en prosa /
Mención de responsabilidad, etc. original de José Maria Gutiérrez de Alba.
260 ## - PUBLICACIÓN, DISTRIBUCIÓN, ETC.
Lugar de publicación, distribución, etc. Madrid :
Nombre del editor, distribuidor, etc. [s.n.],
Fecha de publicación, distribución, etc. 1866 (
Fabricante Imprenta de José Rodríguez)
300 ## - DESCRIPCIÓN FÍSICA
Extensión 27 p. ;
Dimensiones 19 cm.
500 #1 - NOTA GENERAL
Nota general Escrito expresamente para la inauguracion de la escuela teórico-práctica fundada y dirigida por Antonio Capo, y estrenado en Madrid, en su teatro especial el 21 de junio de 1866.
596 #1 - NOTA AL PIE DE IMPRENTA
NOTA AL PIE DE IMPRENTA Al v. de port. consta : "... Galería dramática y lírica titulada El Teatro..."
740 31 - ENTRADA AGREGADA--TÍTULO RELACIONADO/ANALÍTICO NO CONTROLADO
Título relacionado o analítico no controlado La escuela de declamación.
852 ## - LOCALIZACIÓN
Ubicación ES-MaACL
Número de control de estantería F-8551(5)
Nota libre -- Enc. pasta española
condición física -- Falto de la cub. original
Nota libre -- Enc. en un vol. facticio, formando parte de la col. facticia "Teatro español moderno", v. 3
Holdings
Estatus retirado Estado de pérdida Estado de daño No para préstamo Colección Biblioteca de origen Biblioteca actual Ubicación en estantería Fecha de adquisición Total de préstamos Signatura topográfica completa Código de barras Visto por última vez Precio de reemplazo Tipo de ítem Koha
        Libros del s. XIX Biblioteca del Ateneo de Madrid Biblioteca del Ateneo de Madrid Sala Pecera Planta 2 17/01/2008   F-8551(5) 1162132 23/02/2023 23/02/2023 Libro impreso antiguo